TE LINDES `S OPERATIVE GYNECOLOGY (Record no. 801833)

MARC details
000 -LEADER
fixed length control field 00395pam a2200157 a 4500
020 ## - INTERNATIONAL STANDARD BOOK NUMBER
International Standard Book Number 9789351295099
Terms of availability
041 ## - LANGUAGE CODE
Language code of text/sound track or separate title eng
082 ## - DEWEY DECIMAL CLASSIFICATION NUMBER
Classification number 618
Item number JON
100 ## - MAIN ENTRY--PERSONAL NAME
Personal name JONES H.W. ROCK J.A. .
245 ## - TITLE STATEMENT
Title TE LINDES `S OPERATIVE GYNECOLOGY
Medium Textual Documents
250 ## - EDITION STATEMENT
Edition statement 11.
260 ## - PUBLICATION, DISTRIBUTION, ETC.
Name of publisher, distributor, etc. LIPPINCOTT WILLIAMS & WILKINS
Date of publication, distribution, etc. 2016
300 ## - PHYSICAL DESCRIPTION
Extent 1362:
Other physical details XX;
Dimensions HB.
650 ## - SUBJECT ADDED ENTRY--TOPICAL TERM
Topical term or geographic name entry element OBST.GYNE
930 ## - EQUIVALENCE OR CROSS-REFERENCE-UNIFORM TITLE HEADING [LOCAL, CANADA]
Uniform title 7306
Holdings
Withdrawn status Lost status Damaged status Not for loan Home library Current library Date acquired Source of acquisition Cost, normal purchase price Total Checkouts Full call number Barcode Date due Date last seen Date last checked out Copy number Price effective from Koha item type
        Medical College & Hospital, Sangli Medical College & Hospital, Sangli 08/10/2016 B.M.S.G.B.PUNE 4595.00 1 618 JON MCS-13169 01/10/2043 06/10/2023 06/10/2023 1 26/07/2023 Book